Vint-i-nou contes [Objecte] : antologia de narrativa catalana contemporània / tria d'Isidor Cònsul ; il·lustracions de Perico Pastor antologia de narrativa catalana contemporània / tria d'Isidor Cònsul ; il·lustracions de Perico Pastor
Descripción Física:
6 punts de llibre : il. col. ; 23 cm
Materias:
Punts de llibre
MARC
| LEADER | 00000nrm a2200000 a 4500 | ||
|---|---|---|---|
| 001 | 21749 | ||
| 008 | 160829s2009 xx 000 0 cat d | ||
| 080 | |a NBM-3-19 | ||
| 245 | |a Vint-i-nou contes [Objecte] : |b antologia de narrativa catalana contemporània / tria d'Isidor Cònsul ; il·lustracions de Perico Pastor | ||
| 260 | |a Barcelona : |b Diputació de Barcelona, |c 2009 | ||
| 300 | |a 6 punts de llibre : |b il. col. ; |c 23 cm | ||
| 590 | |a A la part inferior: La Diputació de Barcelona treballapel foment de la lectura | ||
| 655 | 0 | |a Punts de llibre |9 52700 | |
| 700 | 1 | |a Cònsul, Isidor, |d 1948-2009 |e editor literari |9 43872 | |
| 700 | 1 | |a Pastor, Perico |d 1953- |e il·lustrador |9 45817 | |
| 710 | 1 | |a Barcelona (Catalunya : Província). |b Diputació |9 52408 | |
| 901 | |a Arxiu | ||
| 942 | |n 1 |2 udc | ||
| 952 | |0 0 |1 0 |4 0 |6 NBM319 |7 1 |9 52825 |a Arxiu |b Arxiu |d 2016-12-01 |l 0 |o NBM-3-19 |p 21749 |r 2016-12-01 00:00:00 |w 2016-12-01 |y ARXIU | ||
| 999 | |c 56674 |d 56674 | ||